000
00337nam a2200145Ia 4500
100
_a
Socha/J./ Hall/ A
942
_c
BK
654
_a
Computer
245
_a
PC World Dos 6.2 : Command Ref & Problem Solver
260
_b
Galgotia
_a
New Delhi
_c
1994
082
_a
005.13 'DOS'
300
_a
522
546
_a
ENGLISH
999
_c
34033
_d
34033